| 000 | 00428nam a22001337a 4500 | ||
|---|---|---|---|
| 040 | _cNUST | ||
| 082 | _a200 THE | ||
| 100 |
_aMoneeb Abbas _985026 |
||
| 110 |
_aSupervisor Dr. Muhammad Usman Akram _985027 |
||
| 245 | _aTH-SOF-1943-Detection of correct placement and presence of tubes on chest x-rays using Efficient Net | ||
| 260 |
_aISLAMABAD: _bNUST COLLEGE OF EME, _c2021. |
||
| 650 |
_aMS-CSE-19 _985028 |
||
| 942 |
_2ddc _cTHE |
||
| 999 |
_c586866 _d586866 |
||